000 00455nam a2200169Ia 4500
005 20250424120313.0
008 250424s9999 xx 000 0 und d
022 _a22767029
050 _aR 11 .N54/
245 0 _aNigerian journal of life sciences
260 _aBenin, Nigeria
260 _bCaglayan
260 _c2018
300 _avi, 218 p. :ill. ; 29 cm.
650 _aMedicine--Periodicals. Biomedical engineering--Periodicals.
942 _cSR
999 _c38547
_d38547